Normal view
MARC view
Entry Personal Name
001 - CONTROL NUMBER
- control field: 11421
003 - CONTROL NUMBER IDENTIFIER
- control field: OSt
005 - DATE AND TIME OF LATEST TRANSACTION
- control field: 20170120173744.0
008 - FIXED-LENGTH DATA ELEMENTS
- fixed length control field: 170120|| aca||aabn | a|a d
040 ## - CATALOGING SOURCE
- Original cataloging agency: OSt
- Transcribing agency: OSt
100 ## - HEADING--PERSONAL NAME
- Personal name: Beaver, Marian [et...al]
670 ## - SOURCE DATA FOUND
- Source citation: Work cat.: (OSt): Beaver, Marian [et...al], Babies and Young Children: diploma in child care and education
